000 01857nam0a2200361 4500
001 RU\NLR\BIBL_A\010576535
005 20260406120455.0
010 _a978-5-9903214-5-8
_91000
021 _aRU
_b2014-81455
_94964
035 _a(NILC)RuMoRGB-006739714
035 _a(NLR Aleph) 010576535
090 _a10444207
_c10444207
100 _a20141224d2013 |||y0rusy50 ca
101 0 _arus
_aost
_crus
102 _aRU
105 _aac||z||||00gy
200 1 _aСказка о царе Салтане, о сыне его славном и могучем богатыре князе Гвидоне Салтановиче и о прекрасной царевне лебеди
_eСоӆтан хон эваӆт, ӆув юраң па веваң Кивтон урт похаӆ па аляң Хŏтаң меняӆ эваӆт тонщ
_fА.С. Пушкин
_gГ.П. Кельчинна толмащса
210 _d2013
_aБ. м.
215 _a96 с.
_cцв. ил.
_d24
300 _aТекст парал. на рус. и хантыйс. яз.
510 1 _6z73790
_aСоӆтан хон эваӆт, ӆув юраң па веваң Кивтон урт похаӆ па аляң Хŏтаң меняӆ эваӆт тонщ
_zost
686 0 _aШ9(2)60=Р5-5
700 1 _8rus
_7ca
_aПушкин
_bА. С.
_cпоэт
_f1799-1837
_gАлександр Сергеевич
_3RU\NLR\AUTH\77386
_9110441
702 1 _aКельчин
_bГ. П.
_f1957-
_gГеннадий Павлович
_4730
790 1 _8rus
_7ca
_aПушкин
_bА. С.
_cпоэт
_f1799-1837
_gАлександр Сергеевич
_3RU\NLR\AUTH\77386
_9110441
801 0 _aRU
_bРГБ
_c20140214
_gRCR
801 1 _aRU
_bРГБ
_c20140214
_2rusmarc
852 _aNLR
_bОНЛ
_jХант./3-207
942 _cBOOK
980 _aNB